000 00471nam a22001817a 4500
005 20250321144941.0
008 250321b |||||||| |||| 00| 0 eng d
020 _a9780071261593
050 _aHB 171.5 FRA
100 _aFRANK ROBERT H.
245 _aPRINCIPLES OF ECONOMICS
250 _a3RD ED.
260 _aBOSTON
_bMcGRAW HILL
_c2007
300 _aXXXIX,901p.
500 _aILLUS.,TABLES,GRAPHS,APPENDIX,INDEX
700 _aBERNANKE BEN S.
942 _2lcc
_cBK
_n0
999 _c5050
_d5050